[Event "Challenge"]
[Site "http://www.queenalice.com/game.php?id=969820"]
[Date "2011.8.7"]
[Round "-"]
[White "felsouza"]
[Black "chiccogiancarlo"]
[Result "0-1"]
[WhiteElo "1815"]
[BlackElo "1691"]

1. d4 b6 2. Nf3 Bb7 3. g3 g6 4. Bg2 Bg7 5. c4 e6 6. Nc3 d6 7. O-O Ne7 8. e4 Nd7
9. Re1 O-O 10. a4 e5 11. dxe5 Nxe5 12. Nxe5 dxe5 13. Be3 Nc6 14. Qxd8 Rfxd8 15.
Nd5 Nd4 16. Bxd4 exd4 17. Rab1 c5 18. b4 Bxd5 19. exd5 Re8 20. bxc5 bxc5 21. Bf1
Kf8 22. f4 Re3 23. Rxe3 dxe3 24. Rb7 Bd4 25. Kg2 Re8 26. Be2 Re7 27. Rb8+ Re8
28. Rb3 Re7 29. Kf1 f5 30. Bf3 h6 31. Ke2 Kf7 32. h4 Rd7 33. Rb8 Kf6 34. a5 g5
35. fxg5+ hxg5 36. Rf8+ Ke7 37. Rxf5 gxh4 38. gxh4 Kd6 39. h5 Rb7 40. h6 Rb2+
41. Kf1 Rf2+ 42. Ke1 Bc3+ 43. Kd1 e2+ 44. Bxe2 Rxf5 45. h7 Rf2 46. a6 Rh2 0-1

[Event "Challenge"]
[Site "http://www.queenalice.com/game.php?id=969821"]
[Date "2011.8.7"]
[Round "-"]
[White "chiccogiancarlo"]
[Black "felsouza"]
[Result "1-0"]
[WhiteElo "1830"]
[BlackElo "1799"]

1. b3 Nf6 2. Bb2 d5 3. g3 Nbd7 4. Bg2 e5 5. e3 Bd6 6. d3 O-O 7. Ne2 Re8 8. Nd2
Nb6 9. O-O c6 10. h3 h5 11. h4 Qe7 12. a3 Bf5 13. Nf3 Ng4 14. Qd2 Rad8 15. Rad1
a6 16. Nh2 Nxh2 17. Kxh2 e4 18. Bh3 Qxh4 19. Ng1 Bxh3 20. Nxh3 Qe7 21. b4 h4 22.
Kg2 hxg3 23. fxg3 exd3 24. cxd3 Qxe3 25. Qxe3 Rxe3 26. Nf4 Bxf4 27. gxf4 Rde8
28. Bd4 Re2+ 29. Rf2 Nc8 30. Rd2 Re1 31. Be5 f6 32. Bd4 Nd6 33. Bc5 Nf5 34. Rf1
d4 35. Rxe1 Rxe1 36. a4 Ne3+ 37. Kf3 Rf1+ 38. Ke4 Nd5 39. Bd6 Kf7 40. Kxd4 Nxf4
41. Bxf4 Rxf4+ 42. Kc3 g5 43. Rh2 Rh4 44. Rf2 g4 45. a5 g3 46. Rg2 Rg4 47. Kd2
Rxb4 48. Rxg3 Rb5 49. Kc3 Rxa5 50. Rh3 Rb5 51. Rh7+ Ke6 52. Rh8 1-0

[Event "Challenge"]
[Site "http://www.queenalice.com/game.php?id=969825"]
[Date "2011.8.7"]
[Round "-"]
[White "lucas_mb"]
[Black "felsouza"]
[Result "0-1"]
[WhiteElo "1721"]
[BlackElo "1500"]

1. e4 c6 2. Qf3 d5 3. exd5 cxd5 4. Bb5+ Nc6 5. Nc3 Nf6 6. Bxc6+ bxc6 7. Nge2 e5
8. Qg3 Qd6 9. O-O Bf5 10. d4 e4 11. Bg5 Be7 12. Qxd6 Bxd6 13. Bxf6 gxf6 14. a3
h5 15. b4 Rb8 16. Nd1 h4 17. Ne3 Be6 18. c3 f5 19. f3 f4 20. Ng4 Rc8 21. fxe4
Bxg4 22. Nxf4 dxe4 23. Rae1 f5 24. Ng6 Rh6 25. Nf4 Kd7 26. h3 Bh5 27. d5 Bxf4
28. dxc6+ Rcxc6 29. Rxf4 Bg6 30. Re3 Ke6 31. Rff3 Ke5 32. g4 hxg3 33. Rf1 f4 34.
Ree1 Rxh3 35. Rc1 e3 36. c4 Be4 0-1

[Event "AUTO-OPEN-2437"]
[Site "http://www.queenalice.com/game.php?id=969930"]
[Date "2011.8.8"]
[Round "1"]
[White "boydelta"]
[Black "felsouza"]
[Result "1/2-1/2"]
[WhiteElo "2334"]
[BlackElo "1624"]

1. e4 e5 2. Nf3 Nf6 3. Nc3 Nc6 4. Be2 Bb4 5. d3 d5 6. exd5 Nxd5 7. Bd2 Bf5 8.
Nxd5 Qxd5 9. O-O O-O 10. a3 Be7 11. Re1 Rad8 12. Be3 Rfe8 13. Qc1 Bf6 14. Rd1
Nd4 15. Nxd4 exd4 16. Bf3 Qd7 17. Bg5 Bxg5 18. Qxg5 c6 19. Re1 h6 20. Qh4 Rc8
21. Kf1 c5 22. Qg3 c4 23. Be4 cxd3 24. Bxd3 Bxd3+ 25. Qxd3 Rxe1+ 26. Rxe1 Qd6
27. Rd1 Qxh2 1/2-1/2

[Event "AUTO-OPEN-2437"]
[Site "http://www.queenalice.com/game.php?id=969931"]
[Date "2011.8.8"]
[Round "1"]
[White "felsouza"]
[Black "boydelta"]
[Result "0-1"]
[WhiteElo "1799"]
[BlackElo "2389"]

1. d4 Nf6 2. c4 c5 3. Nf3 cxd4 4. Nxd4 g6 5. Nc3 Bg7 6. e4 d6 7. Be2 O-O 8. O-O
a6 9. Be3 Nc6 10. Rc1 Bd7 11. f4 Rc8 12. h3 Na5 13. b3 e6 14. Bf3 Qc7 15. Qd2 b6
16. Rfd1 Rfd8 17. Nc2 Bc6 18. Nb4 Qb7 19. Qd3 Ne8 20. Ne2 Bf8 21. Nd4 Bd7 22.
Qd2 Nc7 23. Qf2 e5 24. Ne2 Re8 25. fxe5 Rxe5 26. Bxb6 Nc6 27. Bxc7 Qxc7 28. Nd5
Qd8 29. Nb6 Rb8 30. Nxd7 Qxd7 31. c5 Qb7 32. cxd6 Rd8 33. d7 Rxd7 34. Rxd7 Qxd7
35. Bg4 Qb7 36. Qf6 Rc5 37. Rd1 Be7 38. Qb2 Ne5 39. Bf3 Nxf3+ 40. gxf3 Qc8 41.
Nf4 Rc2 42. Qe5 Bc5+ 43. Kh1 Be3 44. Nd5 Qxh3+ 0-1

[Event "AUTO-OPEN-2437"]
[Site "http://www.queenalice.com/game.php?id=969952"]
[Date "2011.8.8"]
[Round "1"]
[White "REUSKING"]
[Black "felsouza"]
[Result "1/2-1/2"]
[WhiteElo "2001"]
[BlackElo "1624"]

1. e4 c6 2. d4 d5 3. Nc3 dxe4 4. Nxe4 Bf5 5. Ng3 Bg6 6. Nf3 Nd7 7. Nh4 e6 8.
Nxg6 hxg6 9. c3 Qc7 10. Bd3 Bd6 11. Qf3 Ngf6 12. Bg5 O-O-O 13. O-O-O Rde8 14.
Ne4 Nxe4 15. Bxe4 f5 16. Bc2 e5 17. Be3 e4 18. Qe2 Nf6 19. h3 Kb8 20. g3 Nd5 21.
Bg5 Bxg3 22. fxg3 Qxg3 23. h4 Qd6 24. Rdf1 Ka8 25. Qh2 Qd7 26. Bf4 Nf6 27. Bd1
Qf7 28. Bb3 Qd7 29. Bd1 Qf7 30. Bb3 Qd7 31. Bd1 1/2-1/2

[Event "AUTO-OPEN-2437"]
[Site "http://www.queenalice.com/game.php?id=969953"]
[Date "2011.8.8"]
[Round "1"]
[White "felsouza"]
[Black "REUSKING"]
[Result "1-0"]
[WhiteElo "1500"]
[BlackElo "2003"]

1. d4 d5 2. c4 e6 3. Nc3 Nf6 4. Nf3 Be7 5. Bf4 Bd6 6. Bg3 c6 7. e3 O-O 8. Bd3
dxc4 9. Bxc4 Nd5 10. O-O Bxg3 11. hxg3 Nd7 12. a4 N7f6 13. Ne5 Nxc3 14. bxc3 Nd5
15. Qc2 f6 16. Nd3 Qd6 17. a5 Bd7 18. e4 Ne7 19. Rab1 Rab8 20. Qa2 Kh8 21. Nc5
e5 22. Nxb7 Qc7 23. a6 Nc8 24. Be6 Nd6 25. Bxd7 Qxd7 26. Nc5 Qf7 27. Qxf7 Nxf7
28. Nd7 Rxb1 29. Rxb1 Rd8 30. dxe5 Nxe5 31. Nxe5 fxe5 32. Rb7 Ra8 33. Re7 1-0

[Event "AUTO-OPEN-2437"]
[Site "http://www.queenalice.com/game.php?id=969964"]
[Date "2011.8.8"]
[Round "1"]
[White "miltonloviski"]
[Black "felsouza"]
[Result "0-1"]
[WhiteElo "2007"]
[BlackElo "1678"]

1. e4 c6 2. Nc3 d5 3. exd5 cxd5 4. d4 Nc6 5. Bb5 Nf6 6. Bg5 Ne4 7. Nxe4 dxe4 8.
d5 Qa5+ 9. c3 Qxb5 10. a4 Qxb2 11. dxc6 Qxc3+ 12. Bd2 Qxc6 13. Ne2 Bg4 14. O-O
e6 15. Re1 Be7 16. Qb3 Bxe2 17. Rxe2 O-O 18. Rc1 Qd5 19. Qe3 b6 20. Qxe4 Qxe4
21. Rxe4 Rfd8 22. Be3 Rac8 23. g3 Rxc1+ 24. Bxc1 Rd1+ 25. Kg2 Rxc1 26. Rd4 Rc7
27. f4 f5 28. h4 Bc5 29. Rd2 Kf7 30. Kf3 Ke7 31. g4 Rd7 32. Re2 Rd3+ 33. Kg2
fxg4 34. f5 Rd6 35. Kg3 h5 36. Kf4 Kf6 37. fxe6 Rxe6 0-1

[Event "AUTO-OPEN-2437"]
[Site "http://www.queenalice.com/game.php?id=969965"]
[Date "2011.8.8"]
[Round "1"]
[White "felsouza"]
[Black "miltonloviski"]
[Result "1-0"]
[WhiteElo "1500"]
[BlackElo "2013"]

1. e4 e5 2. Nf3 Qf6 3. Nc3 c6 4. d4 exd4 5. Nxd4 Bc5 6. Be3 d6 7. Na4 Qe7 8. Bd3
Bxd4 9. Bxd4 f6 10. c4 Nh6 11. O-O c5 12. Be3 Nf7 13. f4 Bd7 14. Nc3 a6 15. Nd5
Qd8 16. e5 fxe5 17. fxe5 Nxe5 18. Bxc5 dxc5 19. Qh5+ 1-0

[Event "AUTO-OPEN-2473"]
[Site "http://www.queenalice.com/game.php?id=983490"]
[Date "2011.9.10"]
[Round "1"]
[White "Biasi"]
[Black "felsouza"]
[Result "1-0"]
[WhiteElo "1943"]
[BlackElo "1722"]

1. e4 e5 2. Nf3 Nc6 3. Bc4 Nf6 4. Ng5 d5 5. exd5 Nxd5 6. Nxf7 Kxf7 7. Qf3+ Ke6
8. Nc3 Ne7 9. O-O c6 10. Re1 Ng6 11. d3 Bb4 12. Bd2 Rf8 13. Qg4+ Kd6 14. Qg3
Bxc3 15. Bxc3 1-0

[Event "AUTO-OPEN-2473"]
[Site "http://www.queenalice.com/game.php?id=983491"]
[Date "2011.9.10"]
[Round "1"]
[White "felsouza"]
[Black "Biasi"]
[Result "0-1"]
[WhiteElo "1734"]
[BlackElo "1935"]

1. d4 d5 2. c4 c6 3. Nc3 Nf6 4. Nf3 h6 5. e3 Bf5 6. Bd3 Bxd3 7. Qxd3 e6 8. O-O
Be7 9. e4 dxe4 10. Nxe4 Nxe4 11. Qxe4 Nd7 12. Bf4 Nf6 13. Qc2 O-O 14. Rfe1 Qd7
15. Rad1 Bd6 0-1

[Event "AUTO-OPEN-2473"]
[Site "http://www.queenalice.com/game.php?id=983516"]
[Date "2011.9.10"]
[Round "1"]
[White "spin27"]
[Black "felsouza"]
[Result "0-1"]
[WhiteElo "1779"]
[BlackElo "1769"]

1. Nc3 d5 2. e4 d4 3. Nce2 e5 4. Ng3 Ne7 5. Bc4 c5 6. Qf3 Nbc6 7. Qxf7+ Kd7 8.
Be6+ Kc7 9. Nf5 Bxe6 10. Qxe6 Qd7 11. Qxd7+ Kxd7 12. Nxe7 Bxe7 13. g3 Rhf8 14.
Ne2 Nb4 15. Kd1 Rxf2 16. c3 d3 17. cxb4 Raf8 0-1

[Event "AUTO-OPEN-2473"]
[Site "http://www.queenalice.com/game.php?id=983517"]
[Date "2011.9.10"]
[Round "1"]
[White "felsouza"]
[Black "spin27"]
[Result "1-0"]
[WhiteElo "1762"]
[BlackElo "1763"]

1. e4 c5 2. Nf3 Nc6 3. d4 cxd4 4. Nxd4 Nf6 5. Nc3 d6 6. Be3 Ng4 7. Be2 e5 8.
Nxc6 bxc6 9. Bxg4 Bxg4 10. Qxg4 d5 11. exd5 cxd5 12. Qa4+ Qd7 13. Qxd7+ Kxd7 14.
Nxd5 Kc6 15. O-O-O Bc5 16. Bxc5 Kxc5 17. Nc3 a5 18. Rd5+ 1-0

[Event "AUTO-OPEN-2473"]
[Site "http://www.queenalice.com/game.php?id=983534"]
[Date "2011.9.10"]
[Round "1"]
[White "felsouza"]
[Black "PawnOne"]
[Result "0-1"]
[WhiteElo "1770"]
[BlackElo "1895"]

1. d4 d5 2. c4 dxc4 3. Nc3 Nf6 4. e4 Nc6 5. Be3 Bg4 6. f3 Bh5 7. Bxc4 e6 8. Nge2
Bb4 9. d5 exd5 10. exd5 Ne5 11. Qa4+ c6 12. Qxb4 b5 13. Nxb5 cxb5 14. Bxb5+ Ned7
15. Nf4 a5 0-1

[Event "AUTO-OPEN-2473"]
[Site "http://www.queenalice.com/game.php?id=983535"]
[Date "2011.9.10"]
[Round "1"]
[White "PawnOne"]
[Black "felsouza"]
[Result "1-0"]
[WhiteElo "1906"]
[BlackElo "1751"]

1. e4 c6 2. d4 d5 3. Nc3 dxe4 4. Nxe4 Bf5 5. Ng3 Bg6 6. Nf3 Nd7 7. Bd3 Qc7 8.
Bxg6 hxg6 9. O-O e6 10. Qd3 Bd6 11. Ng5 Ngf6 12. c3 Bf4 13. Bxf4 Qxf4 14. Nf3
O-O-O 15. Rfe1 1-0